| 000 | 02157cam a2200385 i 4500 | ||
|---|---|---|---|
| 999 |
_c41132 _d41132 |
||
| 001 | 19468443 | ||
| 003 | OSt | ||
| 005 | 20210701121801.0 | ||
| 008 | 170120r20172004enka 001 0 eng | ||
| 010 | _a 2016427941 | ||
| 020 | _a9789332542891 | ||
| 040 |
_aDLC _beng _erda _cDLC _dDLC |
||
| 042 | _apcc | ||
| 050 | 0 | 0 |
_aQC174.12 _b.G75 2017 |
| 082 | 0 | 0 |
_a530.12 _223 _bGRI/I |
| 100 |
_aGriffiths, David J _q(David Jeffery), _d1942- _94422 |
||
| 245 | 1 | 0 |
_aIntroduction to quantum mechanics / _cDavid J. Griffiths, Reed College, Oregon. |
| 246 | 3 | 0 | _aQuantum mechanics |
| 250 | _aSecond edition [2017 edition]. | ||
| 264 | 1 |
_aNoida : _bPearson, _c2017. |
|
| 300 |
_a480 pages : _billustrations, _c26 cm |
||
| 336 |
_atext _btxt _2rdacontent |
||
| 337 |
_aunmediated _bn _2rdamedia |
||
| 338 |
_avolume _bnc _2rdacarrier |
||
| 500 | _aEquations, and formulas on lining papers. | ||
| 500 | _a"This book was previously published by Pearson Education, Inc. 2004. Reissued by Cambridge University Press 2017"--T.p. verso. | ||
| 500 | _aIncludes index. | ||
| 505 | 0 | _aThe wave function -- Time-Independent Schrèodinger equation -- Formalism -- Quantum mechanics in three dimensions -- Identical particles -- Time-Independent perturbation theory -- The variational principle -- The WKB approximation -- Time-Dependent perturbation theory -- The adiabatic approximation -- Scattering. | |
| 520 |
_a"This text first teaches students how to do quantum mechanics, and then provides them with more insightful discussion of what it means. Fundamental principles are covered, quantum theory presented, and special techniques developed for attacking realistic problems. Two-part coverage organizes topics under basic theory, and assembles an arsenal of approximation schemes with illustrative applications." -- _cPage 4 of cover. |
||
| 650 | 0 | _aQuantum theory. | |
| 650 | 0 |
_aQuantum theory _xStudy and teaching. |
|
| 906 |
_a7 _bcbc _corigcop _d2 _encip _f20 _gy-gencatlg |
||
| 942 |
_2ddc _cBK _h530.12 _iGRI/I _k530.12 _mGRI/I |
||